000 nam a22 7a 4500
999 _c15300
_d15300
005 20200721094507.0
008 200721b xxu||||| |||| 00| 0 eng d
040 _cVAD
050 _aPR6569.P95M45
100 _aCM Thompson
245 _aWho killed Anne-Mrie
260 _aLondon
_bHookline books
_c2016
300 _a214,p.
942 _2lcc
_cOS
_hPR6569.P95M45